Представление документа в формате MARC21

Поле Инд. ПП Название Значение
Тип записи a
Библиографический уровень m
001 Контрольный номер 6c92b059c7a942dea69c52cb49e4b79b
005 Дата корректировки 20260522131222.5
040 a Служба первич. каталог. 10013504
b Код языка каталог. rus
e Правила каталог. PSBO
041 0_ a Код языка текста rus
090 a Полочн. индекс Дис.
x Авторский знак Ш 76
r Идентификатор организации 10013504
100 1_ a Автор Шнейдерович Р.М.
q Полное имя Шнейдерович Роман Миронович
245 10 a Заглавие Расчет дисков на ползучесть
b Продолж. заглавия диссертация ... кандидата технических наук
c Ответственность науч. рук. С.В. Серенсен ; МАТИ
260 a Место издания Москва
c Дата издания 1950
300 a Объем 143 с.
b Иллюстрации/ тип воспроизводства ил.
504 a Библиография Библиогр.: с. 101-103 (32 назв.)
653 0_ a Ключевые слова ДИССЕРТАЦИИ; АВТОР МАТИ; ДИСКИ; ПОЛЗУЧЕСТЬ
700 12 a Другие авторы Серенсен С.В.
q Полное имя Серенсен Сергей Владимирович
e Роль лиц Научный руководитель
901 t Тип документа d
952 a Тип литературы для КСУ ВШ КДНР
c Вид литературы диссертация